Quick Pick: Animated Christmas Quiz Stats

 Plays Quiz Updated Dec 21, 2018

Support Sporcle.
Go Orange.
Score 0/15 Timer 01:00
4 Plays Today
% Correct
Reindeer
92.3%
Comin'
92%
Grinch
91.9%
Express
91.8%
Frosty
91.6%
Nightmare
90.4%
Brown
90%
Christmas
87.3%
% Correct
Humduck
85%
Shrek
77.9%
Magoo
74.7%
Shiny
72.4%
Year
70.9%
Arthur
59.5%
Miser
53.6%

Today's Daily Dose

From the Vault

Closest Countries to United States (A-Z)

by gazzso

Poor W and X. They're always left out of these kinds of quizzes.
Remove Ads.
Support Sporcle.
Get the best of Sporcle when you Go Orange. This ad-free experience offers more features, more stats, and more fun while also helping to support Sporcle. Thank you for becoming a member.

Show Comments

Extras

Top Quizzes Today


Score Distribution

Your Account Isn't Verified!

In order to create a playlist on Sporcle, you need to verify the email address you used during registration. Go to your Sporcle Settings to finish the process.

Report this User

Report this user for behavior that violates our Community Guidelines.

Details: